| 000 | 00685nam 22002053 4500 | ||
|---|---|---|---|
| 001 | 200592 | ||
| 090 | _a200592 | ||
| 100 | _a20260213 pory50 | ||
| 200 |
_aFrança : o país e a sua gente, as receitas _fSusi Piroué _gtradução Luísa Vaz Pinto ; fotografia Michael Brauner |
||
| 210 |
_a[Lisboa] _cCírculo de Leitores _dimp. 1997 |
||
| 215 |
_a144 p. _cil. ; encadernado _d29 cm |
||
| 225 | _aCozinhas do mundo | ||
| 606 |
_913503 _aAlimentos.Culinária.Pratos |
||
| 675 |
_a641 _vPT _zpor |
||
| 700 |
_916378 _aPiroué _bSusi _f1936-2020 |
||
| 701 |
_916379 _aBrauner _bMichael |
||
| 702 |
_916380 _aPinto _bLuísa Vaz |
||
| 801 |
_aPT _bBMMN _gRPC |
||
| 830 | _cVanda | ||
| 990 | _cLIVROS | ||